<?xml version="1.0" encoding="UTF-8"?>
<record
    xmlns:xsi="http://www.w3.org/2001/XMLSchema-instance"
    xsi:schemaLocation="http://www.loc.gov/MARC21/slim http://www.loc.gov/standards/marcxml/schema/MARC21slim.xsd"
    xmlns="http://www.loc.gov/MARC21/slim">

  <leader>01288nam a2200241Ia 4500</leader>
  <controlfield tag="001">10622</controlfield>
  <controlfield tag="003">GE_BSU</controlfield>
  <controlfield tag="008">181216s||||||||xx |||||||||||||| ||und||</controlfield>
  <datafield tag="020" ind1=" " ind2=" ">
    <subfield code="a">9789941036644</subfield>
  </datafield>
  <datafield tag="040" ind1=" " ind2=" ">
    <subfield code="c">GE_BSU</subfield>
  </datafield>
  <datafield tag="080" ind1=" " ind2=" ">
    <subfield code="a">371.113.1+371.1</subfield>
  </datafield>
  <datafield tag="100" ind1=" " ind2=" ">
    <subfield code="a">&#x10E9;&#x10D0;&#x10E9;&#x10EE;&#x10D8;&#x10D0;&#x10DC;&#x10D8;,&#x10E5;&#x10D4;&#x10D7;&#x10D4;&#x10D5;&#x10D0;&#x10DC;; &#x10D9;&#x10DD;&#x10D1;&#x10D0;&#x10EE;&#x10D8;&#x10EB;&#x10D4;,&#x10DB;&#x10D0;&#x10D2;&#x10D3;&#x10D0;; &#x10D2;&#x10D0;&#x10D1;&#x10D0;&#x10E8;&#x10D5;&#x10D8;&#x10DA;&#x10D8;,&#x10DB;&#x10D0;&#x10E0;&#x10D8;&#x10D0;&#x10DB;.</subfield>
  </datafield>
  <datafield tag="245" ind1=" " ind2=" ">
    <subfield code="a">&#x10E1;&#x10D9;&#x10DD;&#x10DA;&#x10D8;&#x10E1;  &#x10D3;&#x10D8;&#x10E0;&#x10D4;&#x10E5;&#x10E2;&#x10DD;&#x10E0;&#x10D8;&#x10E1; &#x10DE;&#x10E0;&#x10D0;&#x10E5;&#x10E2;&#x10D8;&#x10D9;&#x10E3;&#x10DA;&#x10D8; &#x10D2;&#x10D6;&#x10D0;&#x10DB;&#x10D9;&#x10D5;&#x10DA;&#x10D4;&#x10D5;&#x10D8;.</subfield>
  </datafield>
  <datafield tag="245" ind1=" " ind2=" ">
    <subfield code="c">&#x10E0;&#x10D4;&#x10D3;:&#x10DB;&#x10D0;&#x10D8;&#x10D0; &#x10D8;&#x10DC;&#x10D0;&#x10E1;&#x10D0;&#x10E0;&#x10D8;&#x10EB;&#x10D4;, &#x10DC;&#x10D8;&#x10DC;&#x10DD; &#x10D4;&#x10DA;&#x10D1;&#x10D0;&#x10E5;&#x10D8;&#x10EB;&#x10D4;; &#x10EC;&#x10D8;&#x10DC;&#x10D0;&#x10D7;&#x10E5;&#x10DB;&#x10D0;:&#x10D2;&#x10D8;&#x10D0; &#x10DB;&#x10D0;&#x10DB;&#x10E3;&#x10DA;&#x10D0;&#x10E8;&#x10D5;&#x10D8;&#x10DA;&#x10D8;.</subfield>
  </datafield>
  <datafield tag="260" ind1=" " ind2=" ">
    <subfield code="a">&#x10D7;&#x10D1;&#x10D8;&#x10DA;&#x10D8;&#x10E1;&#x10D8;</subfield>
  </datafield>
  <datafield tag="260" ind1=" " ind2=" ">
    <subfield code="b">&#x10DB;&#x10D0;&#x10E1;&#x10EC;&#x10D0;&#x10D5;&#x10DA;&#x10D4;&#x10D1;&#x10D4;&#x10DA;&#x10D7;&#x10D0; &#x10DE;&#x10E0;&#x10DD;&#x10E4;. &#x10D2;&#x10D0;&#x10DC;&#x10D5;&#x10D8;&#x10D7;&#x10D0;&#x10E0;&#x10D4;&#x10D1;&#x10D8;&#x10E1; &#x10D4;&#x10E0;&#x10DD;&#x10D5;&#x10DC;.&#x10EA;&#x10D4;&#x10DC;&#x10E2;&#x10E0;&#x10D8;</subfield>
  </datafield>
  <datafield tag="260" ind1=" " ind2=" ">
    <subfield code="c">2011</subfield>
  </datafield>
  <datafield tag="300" ind1=" " ind2=" ">
    <subfield code="a">219&#x10D2;&#x10D5;;24&#x10E1;&#x10DB;.</subfield>
  </datafield>
  <datafield tag="300" ind1=" " ind2=" ">
    <subfield code="b">&#x10D3;&#x10D0;&#x10DC;&#x10D0;&#x10E0;&#x10D7;&#x10D4;&#x10D1;&#x10D8;:&#x10D2;&#x10D5;.211&#x2013;219. &#x10D1;&#x10D8;&#x10D1;&#x10DA;&#x10D8;&#x10DD;&#x10D2;&#x10E0;:&#x10D2;&#x10D5;.209.&#x2013;&#x10D0;&#x10D5;&#x10E2;.&#x10DB;&#x10D8;&#x10D7;&#x10D8;&#x10D7;.&#x10D7;&#x10D0;&#x10D5;&#x10E4;&#x10E3;&#x10E0;.&#x10DB;&#x10D4;&#x2013;2&#x10D2;&#x10D5;. &#x10E1;&#x10E5;;&#x10EA;&#x10EE;&#x10E0;.</subfield>
  </datafield>
  <datafield tag="541" ind1=" " ind2=" ">
    <subfield code="h">11&#x10DA;.50&#x10D7;.</subfield>
  </datafield>
  <datafield tag="653" ind1=" " ind2=" ">
    <subfield code="a">&#x10E1;&#x10D9;&#x10DD;&#x10DA;&#x10D8;&#x10E1;  &#x10D3;&#x10D8;&#x10E0;&#x10D4;&#x10E5;&#x10E2;&#x10DD;&#x10E0;&#x10D8;&#x10E1; &#x10DE;&#x10E0;&#x10D0;&#x10E5;&#x10E2;&#x10D8;&#x10D9;&#x10E3;&#x10DA;&#x10D8; &#x10D2;&#x10D6;&#x10D0;&#x10DB;&#x10D9;&#x10D5;&#x10DA;&#x10D4;&#x10D5;&#x10D8;.</subfield>
  </datafield>
  <datafield tag="942" ind1=" " ind2=" ">
    <subfield code="c">BK</subfield>
  </datafield>
  <datafield tag="999" ind1=" " ind2=" ">
    <subfield code="c">43873</subfield>
    <subfield code="d">43873</subfield>
  </datafield>
  <datafield tag="952" ind1=" " ind2=" ">
    <subfield code="0">0</subfield>
    <subfield code="1">0</subfield>
    <subfield code="4">0</subfield>
    <subfield code="7">0</subfield>
    <subfield code="9">56050</subfield>
    <subfield code="d">2018-12-17</subfield>
    <subfield code="p">34771</subfield>
    <subfield code="r">2018-12-17</subfield>
    <subfield code="w">2018-12-17</subfield>
    <subfield code="y">BK</subfield>
  </datafield>
  <datafield tag="952" ind1=" " ind2=" ">
    <subfield code="0">0</subfield>
    <subfield code="1">0</subfield>
    <subfield code="4">0</subfield>
    <subfield code="7">0</subfield>
    <subfield code="9">56051</subfield>
    <subfield code="d">2018-12-17</subfield>
    <subfield code="p">34772</subfield>
    <subfield code="r">2018-12-17</subfield>
    <subfield code="w">2018-12-17</subfield>
    <subfield code="y">BK</subfield>
  </datafield>
  <datafield tag="952" ind1=" " ind2=" ">
    <subfield code="0">0</subfield>
    <subfield code="1">0</subfield>
    <subfield code="4">0</subfield>
    <subfield code="7">0</subfield>
    <subfield code="9">56052</subfield>
    <subfield code="d">2018-12-17</subfield>
    <subfield code="p">34773</subfield>
    <subfield code="r">2018-12-17</subfield>
    <subfield code="w">2018-12-17</subfield>
    <subfield code="y">BK</subfield>
  </datafield>
  <datafield tag="952" ind1=" " ind2=" ">
    <subfield code="0">0</subfield>
    <subfield code="1">0</subfield>
    <subfield code="4">0</subfield>
    <subfield code="7">0</subfield>
    <subfield code="9">56053</subfield>
    <subfield code="d">2018-12-17</subfield>
    <subfield code="p">34774</subfield>
    <subfield code="r">2018-12-17</subfield>
    <subfield code="w">2018-12-17</subfield>
    <subfield code="y">BK</subfield>
  </datafield>
  <datafield tag="952" ind1=" " ind2=" ">
    <subfield code="0">0</subfield>
    <subfield code="1">0</subfield>
    <subfield code="4">0</subfield>
    <subfield code="7">0</subfield>
    <subfield code="9">56054</subfield>
    <subfield code="d">2018-12-17</subfield>
    <subfield code="p">34775</subfield>
    <subfield code="r">2018-12-17</subfield>
    <subfield code="w">2018-12-17</subfield>
    <subfield code="y">BK</subfield>
  </datafield>
  <datafield tag="952" ind1=" " ind2=" ">
    <subfield code="0">0</subfield>
    <subfield code="1">0</subfield>
    <subfield code="4">0</subfield>
    <subfield code="7">0</subfield>
    <subfield code="9">56055</subfield>
    <subfield code="d">2018-12-17</subfield>
    <subfield code="p">34776</subfield>
    <subfield code="r">2018-12-17</subfield>
    <subfield code="w">2018-12-17</subfield>
    <subfield code="y">BK</subfield>
  </datafield>
  <datafield tag="952" ind1=" " ind2=" ">
    <subfield code="0">0</subfield>
    <subfield code="1">0</subfield>
    <subfield code="4">0</subfield>
    <subfield code="7">0</subfield>
    <subfield code="9">56056</subfield>
    <subfield code="d">2018-12-17</subfield>
    <subfield code="p">34777</subfield>
    <subfield code="r">2018-12-17</subfield>
    <subfield code="w">2018-12-17</subfield>
    <subfield code="y">BK</subfield>
  </datafield>
  <datafield tag="952" ind1=" " ind2=" ">
    <subfield code="0">0</subfield>
    <subfield code="1">0</subfield>
    <subfield code="4">0</subfield>
    <subfield code="7">0</subfield>
    <subfield code="9">56057</subfield>
    <subfield code="d">2018-12-17</subfield>
    <subfield code="p">34778</subfield>
    <subfield code="r">2018-12-17</subfield>
    <subfield code="w">2018-12-17</subfield>
    <subfield code="y">BK</subfield>
  </datafield>
  <datafield tag="952" ind1=" " ind2=" ">
    <subfield code="0">0</subfield>
    <subfield code="1">0</subfield>
    <subfield code="4">0</subfield>
    <subfield code="7">0</subfield>
    <subfield code="9">56058</subfield>
    <subfield code="d">2018-12-17</subfield>
    <subfield code="p">34779</subfield>
    <subfield code="r">2018-12-17</subfield>
    <subfield code="w">2018-12-17</subfield>
    <subfield code="y">BK</subfield>
  </datafield>
  <datafield tag="952" ind1=" " ind2=" ">
    <subfield code="0">0</subfield>
    <subfield code="1">0</subfield>
    <subfield code="4">0</subfield>
    <subfield code="7">0</subfield>
    <subfield code="9">56059</subfield>
    <subfield code="d">2018-12-17</subfield>
    <subfield code="p">34780</subfield>
    <subfield code="r">2018-12-17</subfield>
    <subfield code="w">2018-12-17</subfield>
    <subfield code="y">BK</subfield>
  </datafield>
</record>
